Online
Catalog

Puerto Rico a la sombra de la independencia continental : (Record no. 6197)

MARC details
000 -CABECERA
campo de control de longitud fija 00920cam a2200205 a 4500
001 - NÚMERO DE CONTROL
campo de control 000006402
005 - FECHA Y HORA DE LA ÚLTIMA TRANSACCIÓN
campo de control 20200929153927.0
008 - DATOS DE LONGITUD FIJA--INFORMACIÓN GENERAL
campo de control de longitud fija 001026s1999 sp b f001 0 spa d
020 ## - NÚMERO INTERNACIONAL ESTÁNDAR DEL LIBRO
Número Internacional Estándar del Libro 1879308347
040 ## - FUENTE DE LA CATALOGACIÓN
Centro catalogador/agencia de origen DO-SdBNP
Centro/agencia transcriptor PBR
Centro/agencia modificador NOC
-- DLC
082 ## - NÚMERO DE LA CLASIFICACIÓN DECIMAL DEWEY
Número de clasificación 972.9504
Número de documento/Ítem N322P
100 1# - ENTRADA PRINCIPAL--NOMBRE DE PERSONA
Nombre de persona Navarro García, Jesús Raúl.
9 (RLIN) 17794
245 10 - MENCIÓN DE TÍTULO
Título Puerto Rico a la sombra de la independencia continental :
Resto del título fronteras ideológicas y políticas en el Caribe, 1815-1840 /
Mención de responsabilidad, etc. J. Raúl Navarro García.
246 14 - FORMA VARIANTE DE TÍTULO
Título propio/Titulo breve Puerto Rico a la sombra de la independencia continental, 1815-1840.
260 ## - PUBLICACIÓN, DISTRIBUCIÓN, ETC.
Lugar de publicación, distribución, etc. San Juan, Puerto Rico :
Nombre del editor, distribuidor, etc. Centro de Estudios Avanzados de Puerto Rico,
Lugar de publicación, distribución, etc. Sevilla, España :
Nombre del editor, distribuidor, etc. Escuela de Estudios Hispano-Americanos (CSIC),
Fecha de publicación, distribución, etc. 1999.
300 ## - DESCRIPCIÓN FÍSICA
Extensión 307 p. ;
Dimensiones 24 cm.
504 ## - NOTA DE BIBLIOGRAFÍA, ETC.
Nota de bibliografía, etc. Incluye referencias bibliográficas: p. [283]-294.
651 #4 - PUNTO DE ACCESO ADICIONAL DE MATERIA--NOMBRE GEOGRÁFICO
Nombre geográfico Puerto Rico
Subdivisión general Historia
Subdivisión cronológica 1804-1899
9 (RLIN) 17795
910 ## - DATOS DE OPCIÓN DEL USUARIO (OCLC)
Datos de opción del usuario Catalogación por copia / LC
Holdings
Estado de retiro Estado de pérdida Restricciones de uso No para préstamo Código de colección Localización permanente Ubicación/localización actual Ubicación en estantería Fecha de adquisición Número de inventario Total de préstamos Signatura topográfica completa Código de barras Fecha visto por última vez Precio válido a partir de Tipo de ítem Koha
    Préstamo interno   Monografías: Libros y Folletos General General En catalogación 28.08.2009 LF1   972.9504 N322P 6402-10 25.06.2020 25.06.2020 Préstamo interno

Powered by Koha